Valuation of land for affordable housing (Record no. 110814)

MARC details
000 -LEADER
fixed length control field 01752cad a22002895a 4500
001 - CONTROL NUMBER
control field L150276
008 - FIXED-LENGTH DATA ELEMENTS--GENERAL INFORMATION
fixed length control field 100618s2010 xxk f 000 0 eng d
020 ## - INTERNATIONAL STANDARD BOOK NUMBER
International Standard Book Number 9781842195987
035 ## - SYSTEM CONTROL NUMBER
System control number (Sirsi) u150276
041 0# - LANGUAGE CODE
Language code of text/sound track or separate title eng
110 2# - MAIN ENTRY--CORPORATE NAME
Corporate name or jurisdiction name as entry element Royal Institution of Chartered Surveyors
9 (RLIN) 4900
245 00 - TITLE STATEMENT
Title Valuation of land for affordable housing
Remainder of title RICS guidance note
Medium [electronic resource]
250 ## - EDITION STATEMENT
Edition statement 1st ed
260 ## - PUBLICATION, DISTRIBUTION, ETC.
Place of publication, distribution, etc. Coventry
Name of publisher, distributor, etc. RICS
Date of publication, distribution, etc. 2010
490 #0 - SERIES STATEMENT
Series statement RICS Guidance Note
490 #0 - SERIES STATEMENT
Series statement RICS Practice Standards UK
520 ## - SUMMARY, ETC.
Summary, etc. Superseded by 2nd ed. 9781783211470 - 28/04/2016.
520 ## - SUMMARY, ETC.
Summary, etc. Aims to assist practitioners in the approach to the valuation of affordable housing development land. The focus is on the valuation of land for housing and flats but the principles are broadly adaptable for other types of affordable housing, such as special needs and sheltered housing accommodation. Looks at what is affordable housing, establishing the facts, valuing by the comparison method, valuing by the residual method, establishing the GDV, external subsidies, Section 106 affordable units, internal and cross subsidy, establishing the development costs, affordable housing delivered outside the HCA's regulatory framework, establishing the land value and reporting the valuation and assessing development potential. Effective from 1 June 2010.
521 ## - TARGET AUDIENCE NOTE
Target audience note Advanced
590 ## - LOCAL NOTE (RLIN)
Local note KA
650 24 - SUBJECT ADDED ENTRY--TOPICAL TERM
Topical term or geographic name entry element Affordable housing
9 (RLIN) 6215
651 #4 - SUBJECT ADDED ENTRY--GEOGRAPHIC NAME
Geographic name England and Wales
Chronological subdivision 1543-
690 ## - LOCAL SUBJECT ADDED ENTRY--TOPICAL TERM (OCLC, RLIN)
Topical term or geographic name as entry element Valuation
9 (RLIN) 6273
690 ## - LOCAL SUBJECT ADDED ENTRY--TOPICAL TERM (OCLC, RLIN)
Topical term or geographic name as entry element LAND
856 41 - ELECTRONIC LOCATION AND ACCESS
Uniform Resource Identifier <a href="https://www.isurv.com/downloads/file/6827/archive_valuation_of_land_for_affordable_housing_1st_edition_may_2010-april_2016">https://www.isurv.com/downloads/file/6827/archive_valuation_of_land_for_affordable_housing_1st_edition_may_2010-april_2016</a>
Public note Archived edition available on iSurv (subscription required)
942 ## - ADDED ENTRY ELEMENTS (KOHA)
Suppress in OPAC 0
Source of classification or shelving scheme Dewey Decimal Classification
Holdings
Withdrawn status Lost status Source of classification or shelving scheme Damaged status Not for loan Home library Current library Shelving location Date acquired Total Checkouts Full call number Date last seen Copy number Price effective from Koha item type Barcode
    Dewey Decimal Classification     London London RICS Boxes 02/04/2014   RICS 2010/40 06/08/2019 1 06/08/2019 Book 30078502
    Dewey Decimal Classification     London London RICS Boxes 02/04/2014   RICS 2010/40 06/08/2019 2 06/08/2019 Book 30075553
    Dewey Decimal Classification     London London RICS Boxes 03/08/2017   RICS 2010/40 06/08/2019 3 06/08/2019 Archive 30078503
    Dewey Decimal Classification     Virtual Virtual Online 30/06/2010   isurv 06/08/2019 1 06/08/2019 Book